000
00193nam a2200109Ia 4500
100
_a
#N/A
942
_c
BK
245
_a
Computer Graphics
260
_b
#N/A
546
_a
ENGLISH
999
_c
25044
_d
25044